000 00590nam a2200229Ia 4500
003 OSt
005 20230617105756.0
008 210423s2005 xx 000 0 und d
020 _a8188237353
040 _cAL
041 _aeng
082 _a574.87322 MICD
100 _aMICKLOS (D A);others
_998447
245 _aDNA science: a first course Ed 2
250 _a2
260 _aNew Delhi
_bI K International Publishing House
_c2005
300 _a575
_bPB
365 _b1595
_cINR
650 _aCell Biology
_998448
906 _acourse. ; DNA ; first ; science:
942 _2ddc
_cBK
999 _c163317
_d163317